Network recovery (Record no. 205)

MARC details
000 -LEADER
Fixed length control field 00565nam a2200193 4500
003 - CONTROL NUMBER IDENTIFIER
Control field SEACOMMC
005 - DATE AND TIME OF LATEST TRANSACTION
Control field 20231013054925.0
008 - FIXED-LENGTH DATA ELEMENTS--GENERAL INFORMATION
Fixed length control field 231013b |||||||| |||| 00| 0 eng d
040 ## - CATALOGING SOURCE
Original cataloging agency SEACOMMC
082 ## - DEWEY DECIMAL CLASSIFICATION NUMBER
Classification number 621.3821
Book Number VAS
100 1# - MAIN ENTRY--PERSONAL NAME
Personal name Vassur, Jean-Philippe
245 1# - TITLE STATEMENT
Title Network recovery
Sub title protection and restoration
Statement of responsibility Jean-Philippe Vassur, Mario Pickaavet and Piet Demeester
260 ## - IMPRINT
Place of publication New Delhi
Name of publisher Elsevier
Date of publication 2005
650 ## - SUBJECT ADDED ENTRY--TOPICAL TERM
Topical term Engineering
650 ## - SUBJECT ADDED ENTRY--TOPICAL TERM
Topical term Communications engineering
700 1# - ADDED ENTRY--PERSONAL NAME
Personal name Pickavet, Mario
700 1# - ADDED ENTRY--PERSONAL NAME
Personal name Demeester, Piet
942 ## - ADDED ENTRY ELEMENTS (KOHA)
Koha item type Books
Holdings
Withdrawn status Lost status Source of classification Damaged status Not for loan Home library Current library Date acquired Total Checkouts Call number Accession number Date last seen Price effective from Koha item type
    Dewey Decimal Classification     SEACOM MANAGEMENT COLLEGE SEACOM MANAGEMENT COLLEGE 05/08/2006   621.3821 VAS 05185 13/10/2023 13/10/2023 Books
© Seacom Engineering College, All rights reserved.    Powered by Koha